000
002420000a22000970004500
100
1
_a
Hiebert, Paul G. (1932- )
245
1
0
_a
The church and ethnicity
300
_a
Núm 66 (1994), Páginas 12-14
773
0
_t
World Evangelization
942
_c
ANA
999
_c
57758
_d
57758